Quản trị tài chính doanh nghiệp
Guardado en:
| Autor principal: | |
|---|---|
| Formato: | Libro |
| Lenguaje: | Undetermined |
| Publicado: |
Tp. HCM
ĐHQG
2000
|
| Materias: | |
| Etiquetas: |
Agregar Etiqueta
Sin Etiquetas, Sea el primero en etiquetar este registro!
|
| Thư viện lưu trữ: | Trung tâm Học liệu Trường Đại học Cần Thơ |
|---|
| LEADER | 00471nam a2200169Ia 4500 | ||
|---|---|---|---|
| 001 | CTU_45544 | ||
| 008 | 210402s9999 xx 000 0 und d | ||
| 082 | |a 658.15 | ||
| 082 | |b Ch107 | ||
| 100 | |a TRẦN VĂN CHÁNH | ||
| 245 | 0 | |a Quản trị tài chính doanh nghiệp | |
| 245 | 0 | |c TRẦN VĂN CHÁNH | |
| 260 | |a Tp. HCM | ||
| 260 | |b ĐHQG | ||
| 260 | |c 2000 | ||
| 650 | |a financial management | ||
| 980 | |a Trung tâm Học liệu Trường Đại học Cần Thơ | ||